Student-Centerd Coaching: The Moves (Record no. 347404)
[ view plain ]
| 000 -LEADER | |
|---|---|
| fixed length control field | 00289nam a2200109Ia 4500 |
| 008 - FIXED-LENGTH DATA ELEMENTS--GENERAL INFORMATION | |
| fixed length control field | 171205s9999 xx 000 0 und d |
| 020 ## - INTERNATIONAL STANDARD BOOK NUMBER | |
| International Standard Book Number | 9781506325262 |
| 100 ## - MAIN ENTRY--PERSONAL NAME | |
| Personal name | Sweeney, Diane |
| 245 ## - TITLE STATEMENT | |
| Title | Student-Centerd Coaching: The Moves |
| 260 ## - PUBLICATION, DISTRIBUTION, ETC. (IMPRINT) | |
| Name of publisher, distributor, etc | SAGE Publications |
| Date of publication, distribution, etc | 2017 |
| 300 ## - PHYSICAL DESCRIPTION | |
| Extent | 174 pages |
| Withdrawn status | Lost status | Damaged status | Home library | Current library | Shelving location | Date acquired | Source of acquisition | Total Checkouts | Full call number | Barcode | Date last seen | Price effective from | Koha item type |
|---|---|---|---|---|---|---|---|---|---|---|---|---|---|
| College Library | College Library | Reserve Section | 12/05/2017 | Library Fund | LB 1731.4 .Sw35 2017 | c21045 | 05/15/2018 | 12/05/2017 | Books |